| 000 | 01826cam a2200169 4500500 | ||
|---|---|---|---|
| 005 | 20251228061922.0 | ||
| 041 | _afre | ||
| 042 | _adc | ||
| 100 | 1 | 0 |
_aGallopel-Morvan, Karine _eauthor |
| 245 | 0 | 0 | _aLa peur est-elle efficace dans un contexte français de lutte contre les comportements tabagiques ? |
| 260 | _c2005. | ||
| 500 | _a99 | ||
| 520 | _aEst-il pertinent de faire peur dans un contexte français de lutte contre le tabac ? Afin de traiter cette question, l’article commence par résumer les modèles théoriques de l’influence de la peur sur les réactions des consommateurs, avant de présenter une expérimentation menée sur 489 étudiants. Les conclusions de cette étude révèlent que la peur est efficace pour inciter des non-fumeurs à ne pas fumer et des fumeurs à diminuer leur consommation tabagique. En revanche, lorsqu’il s’agit de l’arrêt du tabac, un message phobique doit être accompagné d’un message de soutien qui rassure le fumeur quant à sa capacité à arrêter de fumer. | ||
| 520 | _aAre fear-arousing messages effective in the French context of tobacco control ? To address this question, this paper reviews theoretical models of fear-arousing communication and then presents a field study conducted on 489 students. Conclusions reveal that fear-appeal ads are effective at comforting non smokers in their decision not to take up smoking and to motivate smokers to reduce their tobacco consumption. Results are less clearcut when it comes to quitting. The fied-study suggests that a programme including support and cessation aid must be offered to motivate smokers to quit. | ||
| 786 | 0 | _nDécisions Marketing | 37 | 1 | 2005-01-01 | p. 7-16 | 0779-7389 | |
| 856 | 4 | 1 | _uhttps://shs.cairn.info/revue-decisions-marketing-2005-1-page-7?lang=fr&redirect-ssocas=7080 |
| 999 |
_c1587941 _d1587941 |
||